000
00299nam a2200109 4500
008
180217b xxu||||| |||| 00| 0 eng d
245
_a
The Mosquito menace in the Philippines.
260
_a
Philippines
_b
Manila Bulletin
_c
c2016
300
_a
page B-10.
650
0
_9
26604
_a
Diseases.
942
_2
ddc
_c
PER
999
_c
8715
_d
8715